000 00494nam a2200133 4500
008 030703s1985 us eng
090 _aBS480
_bM15g
100 1 _aMcElveen, Floyd
245 1 0 _aGod's word, final, infallible and forever :
_bcompelling evidence for the Bible's inspiration and preservation /
_cFloyd McElveen.
260 _aUtah :
_bGospel Truth,
_cc1985.
300 _a97 p.
650 4 _aBible
_xInspiration.
951 _p25986
_x00026217
_oBS480/M15g
_j070613111245781
_d2000-12-21
_cGC
999 _c15497
_d15497